00684nam a22002297i 4500003000900000005001700009007000300026008004100029020001800070040003000088041000700118082001900125100002700144245007100171250002200242264004500264300004500309336002700354337003300381338002800414500001200442DO-SdBNP20250812104635.0ta250812s2025 dr 000 0 spa d a9789945294095 aDO-SdBNPbspacBNPHUerda asp axxxbV145v2221 aValdez, Antonioeautor13aVoleibol dominicano :bde reinas, reyes y princesas, para el mundo aPrimera edición aSanto Domingo :bGraphic Colonial,c2025 a512 páginas :bilustraciones ;c24 cm. ardacontentbtexto2txt ardamediabsin mediación2n ardacarrierbvolumen2nc aTomo II